000 01855cam a2200493 4500
003 PE-LiUPU
005 20250731173341.0
020 _a8472280918
035 _a(Sirsi) i9788472280915
035 _a(Sirsi) 10442
035 _a(Sirsi) 10442
041 _aes
044 _aes
082 0 4 _a262.77
_bL14
100 1 _aLacueva, Francisco
245 1 3 _aLa iglesia cuerpo de Cristo /
_cpor Francisco Lacueva.
264 1 _aBarcelona :
_bEditorial CLIE,
_c1978.
300 _a352 páginas ;
_c20 cm.
490 0 _aCurso de formación teológica evangélica
_v6
504 _aIncluye bibliografía
505 0 _aNaturaleza de la iglesia -- Fundación de la iglesia -- La membresia en la iglesia -- Las autoridades de la iglesia -- El ministerio en la iglesia -- Las dimensiones de la iglesia -- Las ordenanzas de la iglesia -- La iglesia en el mundo
526 _aSEG42
526 _aSEG41
526 _aSEG40
526 _aSEG39
526 _aP94
526 _aP87
526 _aP86
526 _aP85
526 _aP77
526 _aP76
526 _aP35
650 1 4 _aIglesia.
650 1 4 _aProtestantismo.
942 _2ddc
_cBOOK
949 _a262.77 L14
_i19449
_lCCODEBUL1
_mBUL
_tLIBRO
_o.STAFF. Circulación
949 _a262.77 L14
_i19448
_lCCODEBUL1
_mBUL
_tLIBRO
_o.STAFF. Circulación
859 _q19449
_h262.77
_iL14
859 _q19448
_h262.77
_iL14
910 _aaj-sj
596 _a1
999 _a262.77 L14
_wDEWEY
_c49759
_i19449
_f2021-11-10
_g5
_lCCODEBUL1
_mBUL
_r0
_sY
_tBOOK
_u2015-6-16
_xTEOLOGIA
_zUNKNOWN
_0COMPRA
_o.STAFF. Colección General
_d49759
999 _a262.77 L14
_wDEWEY
_c2
_i19448
_d2019-5-30
_e2019-5-26
_f2019-12-10
_g4
_lDISCARD
_mBUL
_n1
_r1
_sY
_tBOOK
_u2015-6-16
_xTEOLOGIA
_zUNKNOWN
_0COMPRA
_o.STAFF. Colección General
980 _81
_gALBERTO SANCHEZ Responsable de Automatización